| 000 | 00343nam a22001457a 4500 | ||
|---|---|---|---|
| 008 | 221014b ||||| |||| 00| 0 eng d | ||
| 020 | _a9781455706617 | ||
| 041 | _aeng | ||
| 080 |
_2SECOND EDITION _a610.73 |
||
| 082 | _a610.73 VAR | ||
| 100 | _a9 | ||
| 101 | _aINF | ||
| 245 |
_aESSENTIALS MENTAL NURSING _cVARCAROLIS E |
||
| 942 |
_2udc _cBK |
||
| 999 |
_c58571 _d58571 |
||